О роли государственных органов власти и органов местного самоуправления в оптимизации отношений между коренными жителями и недропользователями (Запись № 1557830)

Подробности
000 -МАРКЕР
контрольное поле 02444nam0a2200337 4500
001 - ИДЕНТИФИКАТОР ЗАПИСИ
контрольное поле RU\NLR\bibl\573183
005 - ИДЕНТИФИКАТОР ВЕРСИИ
контрольное поле 20260407084502.0
010 ## - МЕЖДУНАРОДНЫЙ СТАНДАРТНЫЙ НОМЕР КНИГИ (ISBN)
Номер (ISBN) 5-89846-374-7
Тираж 100
021 ## - НОМЕР ГОСУДАРСТВЕННОЙ РЕГИСТРАЦИИ
Код страны российская федерация
Номер 2004-58902
Номер Листа государственной регистраци 2900
035 ## - ДРУГИЕ СИСТЕМНЫЕ НОМЕРА
Идентификатор записи (NLR Aleph) 000565236
100 ## - ДАННЫЕ ОБЩЕЙ ОБРАБОТКИ
Данные общей обработки 20041111d2004 |||y0rusy50 ca
101 0# - ЯЗЫК РЕСУРСА
Язык текста, звукозаписи и т.д. русский
102 ## - СТРАНА ПУБЛИКАЦИИ ИЛИ ПРОИЗВОДСТВА
Страна публикации российская федерация
105 ## - ПОЛЕ КОДИРОВАННЫХ ДАННЫХ: ТЕКСТОВЫЕ МАТЕРИАЛЫ, МОНОГРАФИЧЕСКИЕ
Кодированные данные о монографическом текстовом документе a |||||||||
200 1# - ЗАГЛАВИЕ И СВЕДЕНИЯ ОБ ОТВЕТСТВЕННОСТИ
Основное заглавие О роли государственных органов власти и органов местного самоуправления в оптимизации отношений между коренными жителями и недропользователями
Сведения, относящиеся к заглавию Информ. сб. по материалам выезд. заседания круглого стола в г. Покачи
Первые сведения об ответственности Под ред. зам. Пред. Думы, пред. Ассамблеи представителей коренных малочисл. народов Севера Е.Д. Айпина и др.
210 ## - ПУБЛИКАЦИЯ, РАСПРОСТРАНЕНИЕ И ДР.
Место издания, распространения и т.д. Ханты-Мансийск
Имя издателя, распространителя и т. д. Полиграфист
Дата издания, распространения и т.д. 2004
215 ## - ФИЗИЧЕСКАЯ ХАРАКТЕРИСТИКА
Специфическое обозначение материала и объем 30 с.
Другие сведения о физической характеристике цв. ил.
Размеры 21
300 ## - ОБЩИЕ ПРИМЕЧАНИЯ
Текст примечания В надзаг.: Рос. Федерация, Дума Ханты-Мансийс. авт. округа - Югры, Ассамблея представителей коренных малочисл. народов Севера
606 0# - НАИМЕНОВАНИЕ ТЕМЫ КАК ПРЕДМЕТ
Наименование темы Народы Севера Российской Федерации
Формальный подзаголовок Съезды, совещания и т.п.
Тематический подзаголовок Защита прав
Системный номер авторитетной/нормативной записи 2278855
Идентификатор авторитетной/нормативной записи RU\NLR\auth\661365441
606 0# - НАИМЕНОВАНИЕ ТЕМЫ КАК ПРЕДМЕТ
Наименование темы Народы Севера Российской Федерации
Формальный подзаголовок Съезды, совещания и т.п.
Тематический подзаголовок Традиционное природопользование
Системный номер авторитетной/нормативной записи 2262073
Идентификатор авторитетной/нормативной записи RU\NLR\auth\661356246
606 0# - НАИМЕНОВАНИЕ ТЕМЫ КАК ПРЕДМЕТ
Наименование темы Природные ресурсы
Формальный подзаголовок Съезды, совещания и т.п.
Тематический подзаголовок Использование
Географический подзаголовок Российская Федерация
-- Север
Системный номер авторитетной/нормативной записи 2107824
Идентификатор авторитетной/нормативной записи RU\NLR\auth\661274134
686 ## - ИНДЕКСЫ ДРУГИХ КЛАССИФИКАЦИЙ
Индекс Х625.91я431
686 ## - ИНДЕКСЫ ДРУГИХ КЛАССИФИКАЦИЙ
Индекс Х620.32я431
702 #1 - ИМЯ ЛИЦА - ВТОРИЧНАЯ ОТВЕТСТВЕННОСТЬ
Код отношения Редактор
Материалы, к которым относится поле rus
Графика поля Кириллица
Начальный элемент ввода Айпин
Часть имени, кроме начального элемента ввода Е. Д.
Даты 1948-
Расширение инициалов личного имени Еремей Данилович
Идентификатор авторитетной/нормативной записи RU\NLR\auth\777188
Системный номер авторитетной/нормативной записи 117127
712 02 - НАИМЕНОВАНИЕ ОРГАНИЗАЦИИ - ВТОРИЧНАЯ ОТВЕТСТВЕННОСТЬ
Код отношения Прочие
Начальный элемент ввода Ассамблея представителей коренных малочисленных народов Севера
Идентифицирующий признак Ханты-Мансийск
Идентификатор авторитетной/нормативной записи RU\NLR\AUTH\8810045520
Системный номер авторитетной/нормативной записи 590522
801 #0 - ИСТОЧНИК ЗАПИСИ
Страна российская федерация
Организация NLR
Дата составления 20041111
Правила каталогизации PSBO
801 #1 - ИСТОЧНИК ЗАПИСИ
Страна российская федерация
Организация NLR
Дата составления 20041111
942 ## - ДОПОЛНИТЕЛЬНЫЕ ЭЛЕМЕНТЫ ЗАПИСИ (АБИС)
Тип экземпляра АБИС Книга
980 ## - КОЛЛЕКЦИЯ
Название коллекции Национальная библиография
Экземпляры
Тип экземпляра Дата поступления Источник поступления Библиотека постоянного хранения Библиотека текущего хранения Место хранения Шифр хранения Штрих-код Статус не для выдачи
Книга 11.11.2004 Обязательный экземпляр РНБ (Московский) РНБ (Московский) Русский книжный фонд: издания с 1957 года, 3этаж 2004-4/27688 791399  
Книга 11.11.2004 Обязательный экземпляр РНБ (Московский) РНБ (Московский) Русский книжный фонд: издания с 1957 года, 3этаж 2004-4/27688 791400